[Event "Amplico Life Europe-ch blitz"]
[Site "Warsaw POL"]
[Date "2013.12.13"]
[Round "13.6"]
[White "Malakhov, Vladimir"]
[Black "Klekowski, Maciej"]
[Result "1-0"]
[BlackElo "2425"]
[EventDate "2013.12.13"]
[WhiteElo "2708"]

1.Nf3 Nf6 2.c4 e6 3.g3 d5 4.b3 Be7 5.Bg2 c6 6.O-O O-O 7.Bb2 Nbd7 8.e3 b6
9.Nc3 Bb7 10.Ne2 Bd6 11.d4 dxc4 12.bxc4 c5 13.d5 exd5 14.cxd5 Qe7 15.Nh4 g6
16.Nc3 Ne5 17.Nb5 Ba6 18.a4 Bxb5 19.axb5 Nc4 20.Bc3 Nd7 21.Qe2 Na5 22.f4 Nb3
23.Rab1 c4 24.e4 Bc5+ 25.Kh1 Bd4 26.Bxd4 Nxd4 27.Qxc4 Qc5 28.Qxc5 bxc5 29.Nf3
Nc2 30.Rfc1 Nb4 31.Ne1 Rab8 32.e5 Rxb5 33.d6 Nb6 34.Nc2 a5 35.Na3 1-0

[Event "Amplico Life Europe-ch blitz"]
[Site "Warsaw POL"]
[Date "2013.12.13"]
[Round "13.7"]
[White "Sargissian, Gabriel"]
[Black "Mista, Aleksander"]
[Result "1-0"]
[BlackElo "2434"]
[EventDate "2013.12.13"]
[WhiteElo "2702"]

1.d4 Nf6 2.Nf3 d6 3.c4 Nbd7 4.Nc3 e5 5.Bg5 Be7 6.e3 O-O 7.Qc2 c6 8.O-O-O Qc7
9.h4 Re8 10.Bd3 a6 11.g4 b5 12.c5 b4 13.cxd6 Bxd6 14.Ne4 Nxe4 15.Bxe4 h6
16.Kb1 Rb8 17.dxe5 Nxe5 18.Nd4 c5 19.Nf5 Bxf5 20.gxf5 c4 21.f6 b3 22.axb3
cxb3 23.Qxc7 Bxc7 24.Bf4 Rbc8 25.Rhg1 g6 26.Bxh6 Nc4 27.Bd5 Kh7 28.Bg5 Ne5
29.h5 gxh5 30.Rh1 Kg6 31.Bh4 Ng4 32.Rdg1 Be5 33.f3 Red8 34.Be4+ Kh6 35.fxg4
Bxf6 36.Bxf6 1-0

[Event "Amplico Life Europe-ch blitz"]
[Site "Warsaw POL"]
[Date "2013.12.13"]
[Round "13.8"]
[White "Antipov, Mikhail Al."]
[Black "Moiseenko, Alexander"]
[Result "1-0"]
[BlackElo "2642"]
[EventDate "2013.12.13"]
[WhiteElo "2517"]

1.e4 c5 2.Nf3 Nc6 3.Bb5 e6 4.O-O Nge7 5.Re1 Nd4 6.Nxd4 cxd4 7.c3 Nc6 8.d3 Bc5
9.c4 O-O 10.Nd2 e5 11.f4 exf4 12.Bxc6 dxc6 13.Qh5 f5 14.e5 Qe8 15.Qxe8 Rxe8
16.Nf3 h6 17.h4 b5 18.cxb5 cxb5 19.Bxf4 Bb7 20.Rac1 Bb6 21.Bg3 Rad8 22.Rc2
Bd5 23.a3 Bb3 24.Rcc1 Kf7 25.Bf4 Rc8 26.Kf2 Ke6 27.Bd2 Bd5 28.Bb4 a5 29.Bd6
a4 30.g3 Ba5 31.Rf1 g6 32.Nxd4+ Kd7 33.Nxb5 Bd2 34.Rxc8 Rxc8 35.Nc3 Bxc3
36.bxc3 Rxc3 37.Ke3 Rb3 38.Rc1 Be4 39.Rd1 Ke6 40.Kd4 Bf3 41.Rd2 g5 42.hxg5
hxg5 43.Rh2 f4 44.gxf4 gxf4 45.Rh6+ Kd7 46.Rf6 Be2 47.Kc5 Rc3+ 48.Kb4 Rxd3
49.Rxf4 Bd1 50.Ka5 Ke6 51.Rf6+ Kd7 52.Kb6 Rc3 53.Rf7+ Ke6 54.Re7+ Kf5 55.Bb4
Rc8 56.Bd6 Bb3 57.Rh7 Ke6 58.Rh6+ Kd5 59.Bc7 Re8 60.Rd6+ Ke4 61.Rd2 Kf5
62.Rf2+ Ke6 63.Kc6 Bd5+ 64.Kc5 Bb3 65.Rf6+ Kd7 66.Bd6 Rc8+ 67.Kb5 Rc2 68.Rh6
Rc1 69.Bc5 Re1 70.Rd6+ Ke8 71.Bd4 Rc1 72.Kb6 Ke7 73.Rh6 Kf7 74.Rf6+ Ke8
75.Bc5 Kd7 76.Rd6+ Ke8 77.Kc6 Bd1 78.Rf6 Bf3+ 79.Rxf3 1-0

[Event "Amplico Life Europe-ch blitz"]
[Site "Warsaw POL"]
[Date "2013.12.13"]
[Round "14.2"]
[White "Wojtaszek, Radoslaw"]
[Black "Tkachiev, Vladislav"]
[Result "0-1"]
[BlackElo "2688"]
[EventDate "2013.12.13"]
[WhiteElo "2711"]

1.d4 Nf6 2.c4 e6 3.Nf3 b6 4.g3 Bb4+ 5.Bd2 Be7 6.Bg2 Bb7 7.Nc3 c6 8.O-O O-O
9.Qc2 d5 10.b3 Na6 11.Rad1 Qc8 12.Bf4 c5 13.dxc5 Bxc5 14.Ne5 d4 15.Bxb7 Qxb7
16.Nb5 Nb4 17.Qb2 Nc6 18.Nxc6 Qxc6 19.Nxd4 Qe4 20.Nb5 Rfd8 21.Nc3 Qf5 22.Kg2
Rxd1 23.Nxd1 Rd8 24.Be3 Bd6 25.f3 h5 26.Bf2 h4 27.Ne3 Qg5 28.Rd1 hxg3 29.hxg3
Rd7 30.Kf1 Bxg3 31.Rxd7 Nxd7 32.Qd4 Bxf2 33.Kxf2 Ne5 34.b4 Nc6 35.Qd6 Qh4+
36.Kg2 Nd4 37.c5 bxc5 38.bxc5 g6 39.c6 Qg5+ 40.Kf2 Qxe3+ 41.Kxe3 Nf5+ 42.Ke4
Nxd6+ 43.Ke5 Ne8 0-1

[Event "Amplico Life Europe-ch blitz"]
[Site "Warsaw POL"]
[Date "2013.12.13"]
[Round "14.3"]
[White "Dragun, Kamil"]
[Black "Dubov, Daniil"]
[Result "1/2-1/2"]
[BlackElo "2683"]
[EventDate "2013.12.13"]
[WhiteElo "2445"]

1.d4 Nf6 2.c4 c5 3.d5 b5 4.cxb5 a6 5.bxa6 g6 6.Nc3 Bg7 7.e4 O-O 8.Nf3 Qa5
9.Bd2 Bxa6 10.Bxa6 Qxa6 11.Qe2 e6 12.Qxa6 Nxa6 13.dxe6 fxe6 14.O-O d5 15.exd5
exd5 16.Na4 Ne4 17.Rfd1 Nc7 18.Nc3 Bxc3 19.Bxc3 Nxc3 20.bxc3 Ra3 21.Rdc1 Rfa8
22.Rc2 R8a4 23.h3 Nb5 24.Rac1 c4 25.Rb1 Nxc3 26.Rb7 Ne4 27.Rd7 Rxa2 28.Rxa2
Rxa2 29.Rxd5 c3 30.Rd8+ Kg7 31.Rc8 Kf6 32.Rc6+ Kf7 33.Rc4 Re2 34.Nd4 Rxf2
35.Nb5 c2 36.Nd4 Rf1+ 1/2-1/2

[Event "Amplico Life Europe-ch blitz"]
[Site "Warsaw POL"]
[Date "2013.12.13"]
[Round "14.5"]
[White "Petrosian, Tigran L."]
[Black "Stupak, Kirill"]
[Result "1-0"]
[BlackElo "2517"]
[EventDate "2013.12.13"]
[WhiteElo "2613"]

1.Nf3 Nf6 2.g3 b5 3.Bg2 Bb7 4.O-O c5 5.d3 e6 6.e4 Be7 7.e5 Nd5 8.c4 bxc4
9.dxc4 Nb6 10.Qc2 Nc6 11.Rd1 Qc7 12.Bf4 h6 13.Nc3 g5 14.Nb5 Qb8 15.Be3 Nxe5
16.Nxe5 Bxg2 17.Ng6 Qb7 18.Nxe7 Kxe7 19.Bxc5+ Kf6 20.Bd4+ e5 21.Nd6 Qf3
22.Rd3 Qc6 23.Re3 Qxd6 24.Bxe5+ Qxe5 25.Rxe5 Kxe5 26.Kxg2 Kf6 27.Qc3+ Kg6
28.c5 1-0

[Event "Amplico Life Europe-ch blitz"]
[Site "Warsaw POL"]
[Date "2013.12.13"]
[Round "14.6"]
[White "Klekowski, Maciej"]
[Black "Malakhov, Vladimir"]
[Result "1-0"]
[BlackElo "2708"]
[EventDate "2013.12.13"]
[WhiteElo "2425"]

1.c4 g6 2.g3 Bg7 3.Bg2 e6 4.Qc2 Ne7 5.Nf3 O-O 6.O-O d5 7.d3 Nbc6 8.a3 a5
9.cxd5 exd5 10.Bf4 h6 11.h4 d4 12.Qc1 Kh7 13.Nbd2 a4 14.Nc4 Be6 15.Nfe5 Nxe5
16.Bxe5 Bxe5 17.Nxe5 c6 18.Qf4 Ra5 19.Nf3 Nf5 20.Rac1 Bd5 21.Nd2 Bxg2 22.Kxg2
Qd6 23.Qxd6 Nxd6 24.Nf3 c5 25.Rc2 b6 26.Ne5 Ra7 27.Nc4 Nxc4 28.Rxc4 Re8
29.Rc2 Kg7 30.Re1 Rae7 31.Kf3 Kf6 32.Rc4 Ra8 33.e4 dxe3 34.Rf4+ Kg7 35.Rxe3
Rd7 36.Ke2 b5 37.Kd2 Rad8 38.Kc3 Rd5 39.Rff3 R8d7 40.Re8 Rb7 41.Rf4 f5 42.Rf3
Kf7 43.Rfe3 Rd4 44.Kc2 b4 45.Rc8 Rd5 46.Ree8 bxa3 47.bxa3 Rb3 48.Rf8+ Ke7
49.Rce8+ Kd7 50.Rd8+ Kc6 51.Rc8+ Kd7 52.Rcd8+ Kc6 53.Rf6+ 1-0

[Event "Amplico Life Europe-ch blitz"]
[Site "Warsaw POL"]
[Date "2013.12.13"]
[Round "14.7"]
[White "Mista, Aleksander"]
[Black "Sargissian, Gabriel"]
[Result "0-1"]
[BlackElo "2702"]
[EventDate "2013.12.13"]
[WhiteElo "2434"]

1.e4 e5 2.Nf3 Nc6 3.Bb5 Nf6 4.d3 Bc5 5.c3 O-O 6.O-O d6 7.h3 Ne7 8.d4 exd4
9.cxd4 Bb6 10.Nc3 d5 11.e5 Ne4 12.Bd3 Bf5 13.Bg5 Nxc3 14.bxc3 Bxd3 15.Qxd3
Qd7 16.Rae1 Ng6 17.h4 Rfe8 18.h5 Nf8 19.h6 g6 20.Bf6 c6 21.Nh2 c5 22.f4 cxd4
23.f5 dxc3+ 24.Kh1 Rac8 25.Ng4 Rc4 26.e6 fxe6 27.Ne5 Qa4 28.Nxc4 Qxc4 29.Qxc3
Qxc3 30.Bxc3 gxf5 31.Rxf5 d4 32.Bb4 Ng6 33.Rf6 e5 34.Ref1 Nf4 35.Rf5 0-1

[Event "Amplico Life Europe-ch blitz"]
[Site "Warsaw POL"]
[Date "2013.12.13"]
[Round "14.8"]
[White "Moiseenko, Alexander"]
[Black "Antipov, Mikhail Al."]
[Result "1-0"]
[BlackElo "2517"]
[EventDate "2013.12.13"]
[WhiteElo "2642"]

1.d4 Nf6 2.c4 e6 3.Nf3 c5 4.d5 b5 5.Bg5 exd5 6.cxd5 d6 7.e4 a6 8.a4 Be7
9.Bxf6 Bxf6 10.axb5 Bxb2 11.Ra2 Bf6 12.Nbd2 O-O 13.Be2 Bb7 14.bxa6 Nxa6
15.O-O Nb4 16.Rxa8 Qxa8 17.Nc4 Rd8 18.Nfd2 Qa2 19.g3 Ba6 20.h4 Bc3 21.h5 h6
22.Kg2 Nc2 23.Bd3 Na3 24.Qe2 Bxd2 25.Nxa3 Qxa3 26.Bxa6 Bc3 27.Rb1 Re8 28.Rb7
Be5 29.Bb5 Rf8 30.Bd7 Qc3 31.Rc7 Qa5 32.Rc6 Rd8 33.Bf5 Qb4 34.Rc7 Qb6 35.Rc6
Qb4 36.Qg4 Qb2 37.Rc7 Qb6 38.Rc6 Qb2 39.Qf3 Bd4 40.Rc7 Qb6 41.Rxf7 Kh8 42.Qg4
Qb2 43.Bg6 Bf6 44.Rc7 Qb8 45.Rc6 Qb7 46.Bf5 Qf7 47.Be6 Qe8 48.Bf5 Be5 49.Bg6
Qf8 50.Bf5 Bd4 51.Rc7 Bf6 52.Qg6 Qg8 53.f4 Rb8 54.Kh3 Rd8 55.g4 Ra8 56.g5
hxg5 57.fxg5 Be5 58.h6 Ra3+ 59.Kh4 Bg3+ 60.Kg4 1-0

[Event "Amplico Life Europe-ch blitz"]
[Site "Warsaw POL"]
[Date "2013.12.13"]
[Round "15.1"]
[White "Wojtaszek, Radoslaw"]
[Black "Korobov, Anton"]
[Result "1-0"]
[BlackElo "2753"]
[EventDate "2013.12.13"]
[WhiteElo "2711"]

1.d4 Nf6 2.c4 e6 3.Nf3 d5 4.g3 Bb4+ 5.Bd2 Be7 6.Bg2 O-O 7.O-O c6 8.Qc2 b6
9.Rd1 Nbd7 10.Bf4 Bb7 11.Nc3 Nh5 12.Bc1 f5 13.Ne5 Rc8 14.Qa4 a6 15.Nxd7 b5
16.Nxf8 bxa4 17.Nxe6 Qe8 18.cxd5 cxd5 19.Nc5 Bc6 20.Be3 Nf6 21.Rac1 a5 22.Bf4
Bf8 23.Nd3 Bb7 24.Ne5 h6 25.h4 Ne4 26.Bh3 a3 27.Nxe4 axb2 28.Rxc8 Qxc8 29.Nc5
Bxc5 30.dxc5 Qxc5 31.Bxf5 d4 32.Rb1 g5 33.Be6+ Kg7 34.Rxb2 Be4 35.Nd7 Qc3
36.Be5+ Kg6 37.Nf8+ Kh5 38.Bf7+ Kg4 39.f3+ Bxf3 40.exf3+ Kxf3 41.Bd5+ Ke3
42.Rf2 Qc5 43.Rf3+ Ke2 44.Rf2+ Ke1 45.Rf1+ Ke2 46.Bf3+ Ke3 47.Ng6 d3 48.hxg5
hxg5 49.Bb2 d2 50.Ne5 Qb4 51.Rd1 g4 52.Bxg4 Qe4 53.Bf3 Qc2 54.Kg2 a4 55.a3
Qb3 56.Ng4+ Kd3 57.Nf2+ Ke3 58.Bg7 Qxa3 59.Bh6+ Kd4 60.Rxd2+ Ke5 61.Bf4+ Ke6
62.Re2+ Kf7 63.Bd5+ Kg7 64.Ra2 Qc5 65.Bf3 a3 66.Ne4 Qb4 67.Bd6 Qb1 1-0

[Event "Amplico Life Europe-ch blitz"]
[Site "Warsaw POL"]
[Date "2013.12.13"]
[Round "15.2"]
[White "Petrosian, Tigran L."]
[Black "Sargissian, Gabriel"]
[Result "1/2-1/2"]
[BlackElo "2702"]
[EventDate "2013.12.13"]
[WhiteElo "2613"]

1.e4 e5 2.Nf3 Nc6 3.Bb5 Nf6 4.O-O Nxe4 5.Re1 Nd6 6.Nxe5 Be7 7.Bf1 Nxe5 8.Rxe5
O-O 9.Re1 Nf5 10.d4 d5 11.c3 c6 12.Bf4 Bd6 13.Bxd6 Nxd6 14.Bd3 Bf5 15.Bxf5
Nxf5 16.Nd2 Re8 17.Rxe8+ Qxe8 18.Qe1 Qxe1+ 19.Rxe1 Kf8 20.g3 1/2-1/2

[Event "Amplico Life Europe-ch blitz"]
[Site "Warsaw POL"]
[Date "2013.12.13"]
[Round "15.3"]
[White "Tkachiev, Vladislav"]
[Black "Dubov, Daniil"]
[Result "1/2-1/2"]
[BlackElo "2683"]
[EventDate "2013.12.13"]
[WhiteElo "2688"]

1.e4 c6 2.d4 d5 3.Nc3 dxe4 4.Nxe4 Bf5 5.Ng3 Bg6 6.N1e2 e6 7.Nf4 Nd7 8.Bc4 Bd6
9.c3 Ngf6 10.Qf3 Nd5 11.O-O Nxf4 12.Bxf4 Bxf4 13.Qxf4 Qb8 14.Qxb8+ Rxb8
1/2-1/2

[Event "Amplico Life Europe-ch blitz"]
[Site "Warsaw POL"]
[Date "2013.12.13"]
[Round "15.4"]
[White "Kovalev, Vladislav"]
[Black "Rapport, Richard"]
[Result "0-1"]
[BlackElo "2598"]
[EventDate "2013.12.13"]
[WhiteElo "2535"]

1.e4 g6 2.d4 Nf6 3.e5 Nh5 4.Be2 d6 5.exd6 Qxd6 6.Nc3 Bg7 7.Be3 Nf4 8.Bf3 c6
9.g3 Nd5 10.Nge2 Nxe3 11.fxe3 O-O 12.Qd3 Na6 13.O-O Nb4 14.Qd2 Nd5 15.Ne4 Qc7
16.c4 Nf6 17.Nxf6+ Bxf6 18.Nc3 Bg7 19.Rad1 Be6 20.b3 Rad8 21.c5 Bc8 22.Qf2 b6
23.b4 bxc5 24.bxc5 e5 25.d5 cxd5 26.Bxd5 Qxc5 27.Bxf7+ Kh8 28.Rxd8 Rxd8
29.Ne4 Qe7 30.Bb3 Bh3 31.Rd1 Rf8 32.Qe2 h5 33.Nf2 Bc8 34.Bc2 Qf6 35.Rf1 Bh6
36.Kg2 h4 37.gxh4 Qxh4 38.h3 Rxf2+ 39.Rxf2 Qxh3+ 40.Kg1 Bxe3 41.Bb3 Bb7 0-1

[Event "Amplico Life Europe-ch blitz"]
[Site "Warsaw POL"]
[Date "2013.12.13"]
[Round "15.6"]
[White "Pakleza, Zbigniew"]
[Black "Miton, Kamil"]
[Result "0-1"]
[BlackElo "2578"]
[EventDate "2013.12.13"]
[WhiteElo "2522"]

1.d4 Nf6 2.Nf3 g6 3.Bg5 Bg7 4.Nbd2 O-O 5.c3 d6 6.e4 Nc6 7.Be2 e5 8.dxe5 dxe5
9.h3 h6 10.Bh4 Qe8 11.Bxf6 Bxf6 12.O-O Kg7 13.Qc2 Nd8 14.Rfd1 Ne6 15.Bf1 Nf4
16.a4 h5 17.Nc4 Be6 18.Ncxe5 Bxh3 19.Nd3 Nxd3 20.Rxd3 Bg4 21.Re1 Kg8 22.Qb3
b6 23.e5 Bg7 24.Ng5 Qe7 25.f4 Rad8 26.Ree3 Bh6 27.e6 f6 28.Nf7 Bxf4 29.Re4
Qc5+ 30.Kh1 Qf2 0-1

[Event "Amplico Life Europe-ch blitz"]
[Site "Warsaw POL"]
[Date "2013.12.13"]
[Round "15.8"]
[White "Dragun, Kamil"]
[Black "Olszewski, Michal"]
[Result "1-0"]
[BlackElo "2531"]
[EventDate "2013.12.13"]
[WhiteElo "2445"]

1.d4 Nf6 2.c4 e6 3.Nc3 Bb4 4.Qc2 O-O 5.a3 Bxc3+ 6.Qxc3 b6 7.Nf3 Ba6 8.g3 d5
9.cxd5 exd5 10.Ne5 c5 11.Bg2 Ne4 12.Bxe4 dxe4 13.dxc5 bxc5 14.Be3 f6 15.Qb3+
c4 16.Nxc4 Kh8 17.O-O Qd5 18.Rac1 Qh5 19.Rc2 Nc6 20.Qa4 Bb5 21.Qb3 Rab8
22.Rfc1 Rfd8 23.Qc3 Ne7 24.Qa5 Nc6 25.Qc3 Ne7 26.Rd2 Nd5 27.Qa5 Qf7 28.b3
Rdc8 29.Rcd1 Bxc4 30.bxc4 Nb6 31.Bxb6 axb6 32.Qb5 Qf8 33.a4 Rc5 34.Qb3 Rc6
35.Rd4 Re6 36.a5 bxa5 37.Qa4 Ree8 38.Qxa5 e3 39.f3 Qe7 40.Qc3 Qe5 41.Kg2 Rbc8
42.Qd3 h5 43.Re4 Qc5 44.Rd4 Ra8 45.Rd5 Qc7 46.Rxh5+ Kg8 47.Qd5+ Qf7 48.Rh8+
1-0

[Event "Amplico Life Europe-ch blitz"]
[Site "Warsaw POL"]
[Date "2013.12.13"]
[Round "16.1"]
[White "Korobov, Anton"]
[Black "Wojtaszek, Radoslaw"]
[Result "1/2-1/2"]
[BlackElo "2711"]
[EventDate "2013.12.13"]
[WhiteElo "2753"]

1.d4 Nf6 2.c4 e6 3.Nf3 d5 4.Nc3 Bb4 5.Bg5 h6 6.Bxf6 Qxf6 7.Qa4+ Nc6 8.e3 O-O
9.Be2 Bd7 10.Qb3 dxc4 11.Qxc4 Qe7 12.O-O Na5 13.Qxc7 Rfc8 14.Qe5 Bxc3 15.bxc3
Qa3 16.Qg3 Qxc3 17.Ne5 Be8 18.Ng4 Kh7 19.h4 Qd2 20.Bf3 f5 21.Ne5 Rc2 22.d5
exd5 23.Rad1 Qb4 24.Bxd5 Qe7 25.e4 Rd8 26.exf5 Rc5 27.Ng6 Qf6 28.Be6 Rxd1
29.Rxd1 Nc6 30.h5 Nd4 31.Qe3 Nxe6 32.fxe6 Rxh5 33.Nf4 Re5 34.Qd3+ Qf5
35.Qxf5+ Rxf5 36.Rd8 Bc6 37.Nd3 Rf6 38.Nc5 b6 39.Rd6 Be8 40.Ne4 Rf4 41.f3 Kg8
42.Rd8 Kf8 43.Ra8 Ke7 44.Rxa7+ Kxe6 45.Rxg7 h5 46.Rb7 b5 47.Kf2 Rf8 48.Ke3
Rg8 49.g3 Rf8 50.Rb6+ Kd5 51.Nf6+ Kc5 52.Re6 Bc6 53.Ne4+ Bxe4 54.Kxe4 Ra8
55.Re5+ Kc4 56.Rxh5 Rxa2 57.Rh8 Re2+ 58.Kf5 b4 59.g4 b3 60.g5 b2 61.Rb8 Rd2
62.Ke6 Re2+ 63.Kf6 Rf2 64.Ke5 Re2+ 65.Kf5 Rd2 66.Kf4 Kc3 67.Rc8+ Kd4 68.Rb8
Kc3 69.Rc8+ Kd4 70.Rb8 Kc3 71.Ke5 1/2-1/2

[Event "Amplico Life Europe-ch blitz"]
[Site "Warsaw POL"]
[Date "2013.12.13"]
[Round "16.3"]
[White "Dubov, Daniil"]
[Black "Tkachiev, Vladislav"]
[Result "1/2-1/2"]
[BlackElo "2688"]
[EventDate "2013.12.13"]
[WhiteElo "2683"]

1.e4 e5 2.Nf3 Nc6 3.Nc3 Nf6 4.d4 exd4 5.Nxd4 Bb4 6.Nxc6 bxc6 7.Bd3 d5 8.exd5
O-O 9.O-O cxd5 10.Bg5 c6 11.Qf3 h6 12.Bxf6 Qxf6 13.Qxf6 gxf6 14.Ne2 Re8
15.Ng3 Kf8 1/2-1/2

[Event "Amplico Life Europe-ch blitz"]
[Site "Warsaw POL"]
[Date "2013.12.13"]
[Round "16.4"]
[White "Rapport, Richard"]
[Black "Kovalev, Vladislav"]
[Result "1-0"]
[BlackElo "2535"]
[EventDate "2013.12.13"]
[WhiteElo "2598"]

1.b3 Nf6 2.Bb2 g6 3.g3 Bg7 4.Bg2 O-O 5.c4 d6 6.d4 e5 7.dxe5 Ng4 8.Nf3 Nxe5
9.Nxe5 dxe5 10.Nc3 c6 11.O-O f5 12.Ba3 Qxd1 13.Raxd1 Re8 14.e4 f4 15.Bd6 Nd7
16.c5 Bf8 17.b4 a5 18.a3 axb4 19.axb4 Ra3 20.Nb1 Rb3 21.Bh3 Nf6 22.Bxc8 Rxc8
23.Bxe5 Nxe4 24.Rd4 Ng5 25.Nd2 Rb2 26.gxf4 Ne6 27.Rd6 Bxd6 28.Bxb2 Bxf4
29.Ne4 Rd8 30.Ra1 Kf7 31.Ra7 Rd7 32.b5 Bb8 33.Ra8 Rd1+ 34.Kg2 Nf4+ 35.Kg3
Rd3+ 36.f3 Nh5+ 37.Kg2 Bf4 38.Ra7 cxb5 39.c6 Ke6 40.Nc5+ 1-0

[Event "Amplico Life Europe-ch blitz"]
[Site "Warsaw POL"]
[Date "2013.12.13"]
[Round "16.6"]
[White "Miton, Kamil"]
[Black "Pakleza, Zbigniew"]
[Result "1-0"]
[BlackElo "2522"]
[EventDate "2013.12.13"]
[WhiteElo "2578"]

1.d4 Nf6 2.Nf3 d5 3.c4 c6 4.Nc3 e6 5.g3 Be7 6.Bg2 O-O 7.O-O Nbd7 8.b3 Qa5
9.Bb2 b5 10.c5 Qc7 11.b4 a5 12.a3 Re8 13.bxa5 Rxa5 14.a4 bxa4 15.Rxa4 Bd8
16.Rxa5 Qxa5 17.Qb3 e5 18.Ra1 Qc7 19.e3 exd4 20.exd4 Nf8 21.Bc1 Ne6 22.Be3
Ng4 23.Bd2 Bf6 24.h3 Nh6 25.Qa4 Nf5 26.Nxd5 Qd7 27.Nxf6+ gxf6 28.Bc3 Bb7
29.d5 Nxc5 30.Qg4+ Ng7 31.Qxd7 Nxd7 32.Ra7 Rb8 33.d6 Nf5 34.Ba5 Nc5 35.Bb6
1-0

[Event "Amplico Life Europe-ch blitz"]
[Site "Warsaw POL"]
[Date "2013.12.13"]
[Round "16.7"]
[White "Jussupow, Artur"]
[Black "Grigoryan, Karen H."]
[Result "0-1"]
[BlackElo "2543"]
[EventDate "2013.12.13"]
[WhiteElo "2505"]

1.d4 Nf6 2.Nf3 g6 3.c4 Bg7 4.Nc3 O-O 5.Bg5 h6 6.Bh4 d6 7.e3 b6 8.Be2 Bb7
9.Qc2 Nbd7 10.O-O c5 11.d5 Re8 12.Nd2 a6 13.a4 Qc7 14.Rae1 e6 15.e4 g5 16.Bg3
Ne5 17.f4 gxf4 18.Rxf4 Ng6 19.Rf2 h5 20.h3 h4 21.Bh2 Nh7 22.Ref1 Bd4 23.Nd1
exd5 24.cxd5 Bxd5 25.Kh1 Bxf2 26.Nxf2 Be6 27.Ng4 Qe7 28.Nc4 Bxg4 29.Bxg4 Qxe4
30.Qb3 Qd5 31.Bf3 Qe6 32.Bxa8 Rxa8 33.Bxd6 Ng5 34.Bh2 Ne4 35.Kg1 Qd5 36.Qc2
Qd4+ 37.Kh1 b5 38.axb5 axb5 39.Nb6 Re8 0-1

[Event "Amplico Life Europe-ch blitz"]
[Site "Warsaw POL"]
[Date "2013.12.13"]
[Round "16.8"]
[White "Olszewski, Michal"]
[Black "Dragun, Kamil"]
[Result "1/2-1/2"]
[BlackElo "2445"]
[EventDate "2013.12.13"]
[WhiteElo "2531"]

1.Nf3 Nf6 2.c4 e6 3.d4 Bb4+ 4.Nbd2 b6 5.a3 Bxd2+ 6.Qxd2 a5 7.b3 O-O 8.e3 Bb7
9.Be2 d6 10.O-O Nbd7 11.Bb2 Ne4 12.Qc2 f5 13.d5 exd5 14.Nd4 Qe7 15.cxd5 Ndf6
16.f3 Nxd5 17.fxe4 Nxe3 18.Qc3 Nxf1 19.Rxf1 Bxe4 20.Bc4+ d5 21.Bd3 Bxd3
22.Qxd3 f4 23.Nf5 Qe6 24.Rxf4 Rf7 25.Nxg7 Qe1+ 26.Rf1 Rxf1+ 27.Qxf1 Qe3+
28.Qf2 Qxf2+ 29.Kxf2 c5 30.Nf5 d4 31.Ke2 Kf7 32.g4 Ke6 33.Kd3 Kd5 34.h4 a4
35.bxa4 c4+ 36.Ke2 c3 37.Bc1 Kc4 38.Nd6+ Kd5 39.Nf5 Kc4 40.Nd6+ Kb3 41.Kd3 c2
42.Nb5 Rxa4 43.Nxd4+ Ka2 44.Nxc2 Rxg4 45.Bg5 h6 46.Bxh6 1/2-1/2

[Event "Amplico Life Europe-ch blitz"]
[Site "Warsaw POL"]
[Date "2013.12.13"]
[Round "17.2"]
[White "Rapport, Richard"]
[Black "Wojtaszek, Radoslaw"]
[Result "0-1"]
[BlackElo "2711"]
[EventDate "2013.12.13"]
[WhiteElo "2598"]

1.b3 d5 2.Bb2 Bg4 3.f3 Bf5 4.e3 e6 5.Ne2 c5 6.Ng3 Bg6 7.Bb5+ Nd7 8.O-O a6
9.Bxd7+ Qxd7 10.f4 h5 11.f5 exf5 12.Qf3 Nh6 13.Nc3 Rd8 14.Nge2 Ng4 15.Nf4 Nf6
16.Na4 Ne4 17.Qe2 Qc6 18.d3 Ng5 19.c4 dxc4 20.dxc4 h4 21.Nc3 h3 22.Ncd5 Rh7
23.e4 Nxe4 24.g4 Rh4 25.gxf5 Bxf5 26.Rae1 Kd7 27.Nd3 Qg6+ 28.Kh1 Qg2+ 29.Qxg2
hxg2+ 30.Kxg2 Bh3+ 31.Kh1 Bxf1 32.Ne5+ Kc8 33.Nf3 Rh7 34.Rxe4 Bd6 35.Ng5 Bd3
36.Re5 Bxe5 37.Bxe5 Rxd5 38.cxd5 Rh5 39.Nxf7 Be4+ 40.Kg1 Bxd5 41.Nd6+ Kd7
42.Bg3 b5 43.Kf2 Rh6 0-1

[Event "Amplico Life Europe-ch blitz"]
[Site "Warsaw POL"]
[Date "2013.12.13"]
[Round "17.3"]
[White "Miton, Kamil"]
[Black "Petrosian, Tigran L."]
[Result "0-1"]
[BlackElo "2613"]
[EventDate "2013.12.13"]
[WhiteElo "2578"]

1.d4 d5 2.c4 c6 3.Nc3 Nf6 4.e3 g6 5.Nf3 Bg7 6.Be2 O-O 7.O-O Be6 8.cxd5 cxd5
9.Qb3 Qb6 10.Qxb6 axb6 11.Bd2 Nc6 12.Rfc1 Rfc8 13.b3 h6 14.Na4 Nd7 15.Bb5 Bg4
16.Rc2 Bxf3 17.gxf3 e5 18.Rac1 exd4 19.exd4 Bxd4 20.Bxh6 Re8 21.Rd1 Bg7
22.Bxg7 Kxg7 23.Rxd5 Nb4 24.Rxd7 Nxc2 25.Bc4 b5 26.Bxb5 Rad8 27.Rxb7 Re1+
28.Kg2 Rd2 29.Rd7 Ne3+ 30.Kg3 Nf5+ 31.Kg2 Rxa2 32.Nc5 Ne3+ 33.Kg3 Nf5+ 34.Kg2
Ra5 35.Nd3 Re7 36.Rxe7 Nxe7 37.Bc4 Nf5 38.f4 Nd4 39.Ne5 f6 40.Nd3 Ra3 41.Nc5
Ra1 42.Nd3 Rb1 43.Nc5 Kh6 44.Ne6 Nxb3 45.Bd5 Nd2 46.Nd4 Rd1 47.Bc6 Nc4 48.Ne2
Rd2 49.Ng3 Rc2 50.Be4 Rb2 51.h4 f5 52.Bd3 Ne3+ 53.Kf3 Ng4 54.Be2 Nf6 55.Kg2
Nd5 56.Bf3 Nxf4+ 57.Kg1 Nh3+ 58.Kf1 Rxf2+ 0-1

[Event "Amplico Life Europe-ch blitz"]
[Site "Warsaw POL"]
[Date "2013.12.13"]
[Round "17.4"]
[White "Dubov, Daniil"]
[Black "Malakhov, Vladimir"]
[Result "1/2-1/2"]
[BlackElo "2708"]
[EventDate "2013.12.13"]
[WhiteElo "2683"]

1.Nf3 d5 2.g3 Nf6 3.Bg2 c6 4.O-O Bg4 5.d3 e6 6.h3 Bh5 7.Nh4 Be7 8.f4 Nfd7
9.Nf3 Bxf3 10.Bxf3 Na6 11.Bg2 O-O 12.e4 Nc7 13.Kh2 a5 14.Qe2 a4 15.a3 Nb5
16.Nd2 Re8 17.Nf3 Bf8 18.e5 Qb6 19.c3 Nc5 20.Be3 Qd8 21.Rad1 Nb3 22.d4 Na5
23.g4 Nc4 24.Bc1 Nc7 25.f5 f6 26.Bf4 Qd7 27.Qc2 Ra5 28.Rde1 Rb5 29.Bc1 Na6
30.Kh1 fxe5 31.dxe5 Nc5 32.f6 Ne4 33.Rxe4 dxe4 34.Ng5 gxf6 35.exf6 Rd8 36.f7+
Kh8 37.Qxe4 Qd3 38.Qxd3 Rxd3 39.Nxe6 Nd6 40.Nxf8 Nxf7 41.Be4 Rd8 42.Ne6 Re8
43.Nc7 Rxe4 44.Nxb5 cxb5 45.Kg2 Kg7 46.Bf4 Kg6 47.Kf3 Re6 48.Rd1 h5 49.Rd5
hxg4+ 50.hxg4 Rb6 51.Kg3 b4 52.axb4 Rc6 53.Rb5 a3 54.bxa3 Rxc3+ 55.Kh4 Rxa3
56.Rb6+ Kg7 57.Rxb7 Rb3 58.b5 Rb4 59.Kg3 Rb3+ 60.Kh4 Rb4 61.Be5+ Kg8 62.Rb8+
Kh7 63.Rb7 Kg8 64.Bf6 Nd6 65.Rg7+ Kf8 66.Rd7 Nxb5 67.Rb7 Rb3 68.Rb6 Rf3
69.Kg5 Nc7 70.Kg6 Ne8 71.Be5 Rf7 72.g5 Rd7 73.Re6 Ng7 74.Rf6+ Kg8 75.Rb6 Re7
76.Rb5 Re6+ 77.Bf6 Ne8 78.Rb7 Re1 79.Rb8 Re2 80.Ra8 Re1 81.Bc3 Re3 82.Bd4 Re2
83.Bf6 Re1 84.Bd4 Re2 85.Rb8 Re1 86.Rc8 Re2 87.Kf5 Kf7 88.g6+ Ke7 89.Ra8 Re1
90.Ra7+ Kd6 91.Rf7 Rf1+ 92.Kg5 Rd1 93.Be3 Ke6 94.Rf8 Kd7 95.Kh6 Rh1+ 96.Kg5
Re1 97.Bf2 Rf1 98.Rf7+ Ke6 99.Rf3 Rd1 100.Re3+ Kd7 101.Bg3 Rg1 102.Rd3+ Ke6
103.Re3+ Kd7 104.Kf5 Rf1+ 105.Ke5 Rg1 106.Ra3 Rg2 107.Ra7+ Kc6 108.Kf4 Re2
109.Kf3 Re6 110.Ra6+ Kd5 111.Ra5+ Kc6 112.Rg5 Kd7 113.Be5 Ra6 114.Kf4 Ke6
115.Bd4 Ra4 116.Re5+ Kd7 117.Ke3 Ra2 118.Rd5+ Ke6 119.Re5+ Kd7 120.Bc5 Rg2
121.Re7+ Kd8 122.Re6 Kd7 123.Ra6 Nc7 124.Rd6+ Kc8 125.Ke4 Ne8 126.Re6 Kd7
127.Ra6 Rg5 128.Be3 Rg2 129.Bf4 Ke7 130.Kf5 Kd7 131.Ra7+ Kc8 132.Re7 Kd8
133.Ra7 Kc8 134.Be5 Rg1 135.Ra8+ Kd7 136.Ra7+ Kc8 137.Rh7 Rg2 138.Bf4 Rg1
139.Re7 Kd8 140.Ra7 Kc8 141.Ra8+ Kd7 142.Ra7+ Kc8 143.Be3 Rg3 144.Ra8+ Kd7
145.Bf4 Rg1 146.Ra7+ Kc8 147.Re7 Kd8 148.Rb7 Kc8 149.Ra7 Rg2 150.Ra6 Kd7
151.Bg5 Rf2+ 152.Kg4 Rg2+ 153.Kf4 Rf2+ 154.Kg3 Rf1 155.Ra7+ Ke6 156.Re7+ Kf5
157.Kg2 Rb1 158.Rxe8 Kxg6 159.Be3 Kf5 160.Kf3 Rf1+ 161.Bf2 Rb1 162.Rh8 Rb3+
163.Be3 Rb1 164.Rh5+ Ke6 165.Ke4 Re1 166.Rh6+ Ke7 167.Ra6 Kd7 168.Kd4 Rd1+
169.Ke5 Re1 170.Ke4 Ke7 171.Rh6 Kd7 172.Kd4 Rd1+ 173.Kc5 Re1 174.Bd4 Rc1+
175.Kd5 Rd1 176.Rh7+ Kd8 177.Ke5 Kc8 178.Bc5 Rd7 179.Rh8+ Kb7 180.Bd6 Rg7
181.Kd5 Rg5+ 182.Be5 Kb6 183.Rb8+ Ka5 184.Rb1 Rh5 185.Kd6 Ka4 186.Bd4 Rb5
187.Rf1 Kb3 188.Bc5 Kc4 189.Rf4+ Kd3 190.Kd5 Rb8 191.Rf3+ Ke2 192.Re3+ Kd2
193.Rh3 Rd8+ 194.Kc4 Ke2 195.Re3+ Kf1 196.Rg3 Ke2 197.Bd4 Re8 198.Be5 Re7
199.Rg2+ Ke1 200.Rh2 Re8 201.Ra2 Re7 202.Rb2 Re8 203.Rg2 Kd1 204.Rb2
1/2-1/2

[Event "Amplico Life Europe-ch blitz"]
[Site "Warsaw POL"]
[Date "2013.12.13"]
[Round "17.5"]
[White "Sargissian, Gabriel"]
[Black "Dragun, Kamil"]
[Result "1/2-1/2"]
[BlackElo "2445"]
[EventDate "2013.12.13"]
[WhiteElo "2702"]

1.d4 Nf6 2.Nf3 e6 3.c4 Bb4+ 4.Bd2 c5 5.Bxb4 cxb4 6.g3 O-O 7.Bg2 d6 8.O-O Nc6
9.a3 bxa3 10.Nxa3 Qe7 11.Re1 e5 12.d5 Nb4 13.Nc2 Nxc2 14.Qxc2 Bg4 15.h3 Bxf3
16.exf3 Qc7 17.h4 Nxd5 18.f4 Nf6 19.fxe5 dxe5 20.c5 Rfe8 21.b4 a6 22.Rad1
Rad8 23.Rxd8 Rxd8 24.Qf5 Re8 25.g4 Nd7 26.Qe4 Rb8 27.Qd5 a5 28.bxa5 Qxa5
29.Rd1 Nxc5 30.Qxe5 Rf8 31.g5 b6 32.h5 Qa4 33.Rb1 Qg4 34.h6 Ne6 35.hxg7 Rd8
36.Qg3 Qxg3 37.fxg3 Rd6 38.Bh3 Nxg5 39.Bf5 Kxg7 40.Kg2 Rd2+ 41.Kf1 Rd5 42.g4
Rd6 43.Kf2 Kf6 44.Ke3 h5 45.Rf1 hxg4 46.Bxg4+ Kg6 47.Bf5+ Kg7 48.Bd3 f6
49.Ra1 Ne6 50.Ra7+ Kh6 51.Rh7+ Kg5 52.Rf7 Nc5 53.Bc2 Re6+ 54.Kf3 Rd6 55.Rg7+
Kh6 56.Rh7+ Kg5 57.Rg7+ 1/2-1/2

[Event "Amplico Life Europe-ch blitz"]
[Site "Warsaw POL"]
[Date "2013.12.13"]
[Round "17.6"]
[White "Lysyj, Igor"]
[Black "Tkachiev, Vladislav"]
[Result "1/2-1/2"]
[BlackElo "2688"]
[EventDate "2013.12.13"]
[WhiteElo "2593"]

1.d4 e6 2.c4 Bb4+ 3.Bd2 a5 4.Nf3 Nf6 5.Qc2 O-O 6.Nc3 d6 7.e3 Re8 8.a3 Bxc3
9.Bxc3 Nc6 10.Be2 e5 11.dxe5 dxe5 12.O-O a4 13.Rfd1 Qe7 14.h3 g6 15.Nd2 Bf5
16.Bd3 Bxd3 17.Qxd3 Red8 18.Qc2 1/2-1/2